000 00786nam a22002297a 4500
999 _c63891
_d63891
005 20240530110704.0
008 171225s2016 ua a g b 000 0dara d
017 _a2016/3166
_bمصر. دار الكتب
020 _a9789779106748
040 _aEG-CaGPL
_cEG-CaGPL
082 0 4 _221
_a306.7\
_bس ج
100 0 _aسامية قدرى
245 1 2 _aالجسد بين الحداثة وما بعد الحداثة /
_cسامية قدرى .
250 _aط.1
260 _aالقاهرة :
_bالهيئة المصرية العامة للكتاب ،
_c2016 .
300 _a373 ص. ؛
_c24 سم.
650 0 7 _2qrmak
_aحقوق المرأة
650 0 7 _2qrmak
_aالاجتماع ، علم
651 _2qrmak
942 _2ddc
_cBK